000 00462nam a2200157 i 4500
001 99673
003 ES-MaACL
005 20230906182534.0
007 t|
008 050914s1950 sp ||||1| spa d
100 1 _aMartínez Alvarez de Sotomayor, José.
_977851
245 1 0 _aMísticas
_b: Poesías /
_cJ. M. Alvarez de Sotomayor.
260 _aMadrid :
_b[s.n.],
_c1950 (
_fImp. de Madrid)
300 _a181 p. ;
_c20 cm.
852 _aES-MaACL
_jD-6126
_bR.29604
999 _c99673
_d99673